|
|
|
|
| LEADER |
00000nab a2200000uu 4500 |
| 001 |
vtls011444777 |
| 003 |
SK-MaSNL |
| 005 |
20260303191125.0 |
| 008 |
230213|1974 xo |||||||||||||||||ger| |
| 015 |
|
|
|a SNBRB
|
| 035 |
|
|
|a (urnnbn)urn:nbn:sk:snk:ar-003oqh
|
| 035 |
|
|
|a (uuid)316e08b0-e414-44b9-a348-0c571f020f8b
|
| 035 |
|
|
|a urn:nbn:sk:snk-abci9c
|
| 040 |
|
|
|a SNKBUCL
|b slo
|c SNKBUCL
|e AACR2
|
| 041 |
0 |
|
|a ger
|
| 044 |
|
|
|a xo
|c SK
|
| 100 |
1 |
|
|a Ertlová, Eva,
|d 1931-
|4 aut
|9 37711
|
| 245 |
1 |
0 |
|a EINIGE ERKENNTNISSE ÜBER CHIRONOMIDEN (DIPTERA, CHIRONOMIDAE) AUS BRYOZOEN
|c Eva Ertlová, J. Gárdoš
|
| 700 |
1 |
|
|a Gárdoš, J.
|4 trl
|9 1138745
|
| 773 |
0 |
|
|t Biológia : časopis Slovenskej akadémie vied
|g Roč. 29, č. 11 (1974), s. 869-876
|
| 954 |
|
|
|a odborná, vedecká literatúra pôvodná (slovenská)
|2 lita
|
| 958 |
|
|
|a OND
|
| 958 |
|
|
|a EUIPO
|
| 958 |
|
|
|a article16
|
| 999 |
|
|
|c 2139496
|d 2141426
|